Mundo de mujer: continuidad y cambio
Guardat en:
| Autor corporatiu: | |
|---|---|
| Format: | Llibre |
| Idioma: | espanyol |
| Publicat: |
Santiago
Centro de Estudios de la Mujer
1988
|
| Matèries: | |
| Etiquetes: |
Afegir etiqueta
Sense etiquetes, Sigues el primer a etiquetar aquest registre!
|
MARC
| LEADER | 00000nam a2200000 a 4500 | ||
|---|---|---|---|
| 001 | UCX1559 | ||
| 003 | CL-VaPUC | ||
| 008 | 900928e19880000CL |||||||||||||||||spa|d | ||
| 082 | 0 | 4 | |a 305.42 |b CEN |2 21 |
| 110 | 2 | |a Centro de Estudios de la Mujer, Chile |e author |9 317098 | |
| 245 | 1 | 0 | |a Mundo de mujer: continuidad y cambio |
| 300 | |a 599 p | ||
| 942 | |c BK | ||
| 945 | |d 19900928 00:00:00 | ||
| 260 | |a Santiago |b Centro de Estudios de la Mujer |c 1988 | ||
| 650 | 0 | |a Mujeres condiciones sociales |9 307717 | |
| 651 | 7 | |a CHILE |2 CL-VaPUC |9 317099 | |
| 583 | |a last modification |c 19900928 00:00:00 |k Rodrigo Vera | ||
| 999 | |c 222757 |d 222755 | ||
| 952 | |0 0 |1 0 |4 0 |6 305_420000000000000_CEN_1988 |7 0 |8 A |9 217921 |a BIBGIM |b BIBGIM |d 2019-11-15 |i 2867931 |o 305.42 CEN 1988 |p 2867931 |r 2025-01-15 |w 2019-11-15 |y BK |k SSL | ||
| 952 | |0 0 |1 0 |4 0 |6 305_420000000000000_CEN_1988 |7 0 |8 A |9 217922 |a BIBGIM |b BIBGIM |d 2019-11-15 |i 286794K |o 305.42 CEN 1988 |p 286794K |r 2025-01-15 |w 2019-11-15 |y BK |k SSL | ||